| 000 | 01039nam a22002657a 4500 | ||
|---|---|---|---|
| 001 | 7271 | ||
| 003 | FISKH | ||
| 005 | 20250707093617.0 | ||
| 008 | 250707b cb ||||| |||| 00| 0 eng d | ||
| 020 | _a9781848104136 | ||
| 040 |
_aFISKH _beng _cFISKH _dFISKH |
||
| 050 | _aPZ5 P | ||
| 082 | _a398.8 | ||
| 100 | _aGallaher, Belinda | ||
| 245 | _aIncy Wincy spider and friends / | ||
| 260 |
_aEssex : _bMiles Kelly, _c2011. |
||
| 300 |
_a40 pages : _bcolor illustrations ; _c28 cm |
||
| 505 | _aE | ||
| 520 | _aThis charming collection brings together classic nursery rhymes and simple fairy tales, including the beloved “Incy Wincy Spider,” Old Mother Hubbard, Simple Simon, and more. Designed for preschoolers and early learners, the book combines bright, engaging illustrations with well-known verses to promote early literacy and interactive reading. | ||
| 521 | 8 |
_a200
_bLexile estimate |
|
| 521 | 8 |
_aE
_bRaz-Plus |
|
| 650 |
_aFairy tale _vNursery Rhymes _xPicture book |
||
| 942 |
_2ddc _cBK _n0 |
||
| 999 |
_c7271 _d7271 |
||